| 000 | 00496nam a22001697a 4500 | ||
|---|---|---|---|
| 005 | 20251108164100.0 | ||
| 008 | 250721s1993 xx 000 0 ara d | ||
| 082 | 1 | 4 | _a216,917/فهم |
| 100 | 1 | _aهويدي، فهمي | |
| 245 | 1 | 0 | _aالإسلام و الديمقراطية / |
| 264 | 1 |
_aالقاهرة : _bمركز الأهرام للترجمة والنشر، _c1993. |
|
| 300 | _a279ص | ||
| 650 | 1 | 7 | _aالإسلام |
| 650 | 1 | 7 | _aالديمقراطية |
| 942 |
_2ddc _cBK |
||
| 999 |
_c3146 _d3146 |
||